000 00468nam a2200133Ia 4500
008 220216s9999 xx 000 0 und d
100 _aRay G S
245 0 _aEffect of some reversion resistance chemicals on truck tyre base compound formulations
260 _bProceedings of the International Conference on Rubbers, Calcutta, December 12-14, 1997, Vol. II, pp. 61-64.
_c1997
700 _aDutta R N
700 _aMukherjee D P
700 _aMustafi S K
942 _cJS
999 _c58145
_d58145